同都道府県の同一駅名 - Statistics

General Stats
  • This quiz has been taken 78 times
  • The average score is 14 of 45
Answer Stats
都道府県 駅名 路線① 路線② % Correct
兵庫県 尼崎 JR西日本 阪神
67%
兵庫県 西宮 JR西日本 阪急
60%
兵庫県 芦屋 JR西日本 阪神
55%
兵庫県 伊丹 JR西日本 阪急
52%
兵庫県 塚口 JR西日本 阪急
50%
大阪府 野田 JR西日本 阪神
43%
高知県 伊野 JR西日本 とさでん
42%
兵庫県 春日野道 阪神 阪急
42%
兵庫県 住吉 JR西日本 阪神
42%
愛知県 春日井 JR東海 名鉄
38%
京都府 十条 近鉄 京都市交
37%
兵庫県 御影 阪神 阪急
37%
高知県 朝倉 JR四国 とさでん
35%
兵庫県 長田 神戸電鉄 神戸市交
35%
石川県 野々市 IRいしかわ鉄道 北陸鉄道
35%
京都府 宇治 JR西日本 京阪
32%
北海道 琴似 JR北海道 札幌市交
32%
大阪府 吹田 JR西日本 阪急
32%
鹿児島県 谷山 JR九州 鹿児島市電
32%
東京都 浅草 東武・地下鉄 つくばエクスプレス
30%
鹿児島県 郡元 JR九州 鹿児島市電
30%
岐阜県 明智 名鉄 明知鉄道
28%
京都府 嵐山 阪急 嵐電
28%
青森県 石川 JR東日本 弘南鉄道
28%
大阪府 高井田 JR西日本 OsakaMetro
28%
愛知県 堀田 名鉄 名古屋市交
28%
福島県 JR東日本 福島交通
25%
神奈川県 弘明寺 京急 横浜市交
25%
富山県 小杉 あいの風とやま鉄道 富山地方鉄道
25%
北海道 白石 JR北海道 札幌市交
25%
広島県 白島 広島電鉄 アストラムライン
25%
大阪府 中津 阪急 OsakaMetro
23%
大阪府 平野 JR西日本 OsakaMetro
23%
静岡県 柚木 JR東海 静岡鉄道
23%
愛知県 味美 名鉄 JR東海交通事業
22%
兵庫県 市場 JR西日本 神戸電鉄
20%
福岡県 城野 JR九州 北九州モノレール
20%
三重県 船津 JR東海 近鉄
20%
東京都 早稲田 東京メトロ 都電
20%
大阪府 今里 近鉄 OsakaMetro
18%
秋田県 黒沢 JR東日本 由利高原鉄道
18%
福岡県 志井 JR九州 北九州モノレール
18%
愛知県 日比野 名鉄 名古屋市交
15%
北海道 平岸 JR北海道 札幌市交
15%
長野県 下島 JR東海 アルピコ交通
10%
No matching quizzes found
Score Distribution
Percent of People with Each Score
Percentile by Number Answered
Your Score History
You have not taken this quiz